000 00637nam a2200205Ia 4500
001 17019
003 GE_BSU
008 181216s||||||||xx |||||||||||||| ||und||
040 _cGE_BSU
080 _a821.161.1-32
100 _aკოროლენკო, ვ.
245 _aმოთხრობები
245 _cთარგმ. რ. ქებულაძისა. რედ.ი.სარაჯიშვილი
260 _aთბილისი
260 _bსაბჭ. საქართველო
260 _c1960
300 _a446გვ. ; 22სმ.
653 _aმოთხრობები
942 _cBK
999 _c50081
_d50081